|
|
|
|
| LEADER |
00000nam a2200000 a 4500 |
| 001 |
vtls008701853 |
| 003 |
SK-MaSNL |
| 005 |
20260425222721.0 |
| 008 |
060518s2006 hu o g c 001 0bhun |
| 020 |
|
|
|a 9637217835 (brož.)
|
| 040 |
|
|
|a SNK
|b slo
|c SNK
|e AACR2
|
| 041 |
0 |
|
|a hun
|
| 043 |
|
|
|a e-xo---
|
| 044 |
|
|
|a hu
|c HU
|
| 072 |
|
7 |
|a 75
|x Maliarstvo
|2 konspekt
|
| 080 |
|
|
|a 75
|2 2001
|
| 080 |
|
|
|a (437.6)
|2 2001
|
| 080 |
|
|
|a (083.824)
|2 2001
|
| 245 |
0 |
0 |
|a Mednyánszky
|b a Pozsonyi Szlovák Nemzeti galéria Gyűjteményéből
|c a katalógust szerkesztette: Nagy Imre
|
| 250 |
|
|
|a [1. vyd.]
|
| 260 |
|
|
|a Szeged
|b Móra Ferenc Múzeum
|c 2006
|
| 300 |
|
|
|a 85 s.
|b fotogr.
|c 30 cm
|
| 600 |
1 |
7 |
|a Medňanský, Ladislav,
|d 1852-1919
|2 SNKMA
|9 37085
|
| 648 |
|
7 |
|a 19.-20. stor.
|2 SNKPH
|9 268609
|
| 650 |
0 |
7 |
|a maliarstvo
|2 SNKPH
|9 812
|
| 651 |
|
7 |
|a Slovensko
|2 SNKPH
|9 14231
|
| 655 |
|
7 |
|a katalógy výstav
|2 SNKPH
|9 70445
|
| 700 |
1 |
|
|a Nagy, Imre
|4 com
|9 300184
|
| 919 |
|
|
|a 963 721 783 5
|
| 999 |
|
|
|c 566049
|d 567979
|
| 952 |
|
|
|a SNK
|b SNK
|y PREZ
|7 0
|p 17A0474912
|o snkOSB 14593
|i snk2006/10090
|8 1
|0 0
|1 0
|4 0
|d 2006-05-18
|l 0
|r 2026-02-23 13:57:47
|w 2026-02-23
|
| 952 |
|
|
|a SNK
|b SNK
|y VYP
|7 0
|p 17A0533788
|o snkOSB 14593 D1
|i snk2007/109
|8 2
|g 6.14
|0 0
|1 0
|4 0
|d 2006-10-09
|l 0
|r 2026-02-23 13:57:47
|w 2026-02-23
|